[Event "Calvia ol (Women)"]
[Site "Mallorca"]
[Date "2004.10.15"]
[Round "1.1"]
[White "Hansen, Evgenia Peicheva"]
[Black "Socko, Monika"]
[Result "1-0"]
[WhiteElo "2165"]
[BlackElo "2439"]
[PlyCount "85"]
[EventDate "2004.10.15"]
[EventType "team-swiss"]
[EventRounds "14"]
[EventCountry "ESP"]
[SourceTitle "CBM 102 Extra"]
[Source "ChessBase"]
[SourceDate "2004.11.03"]
[SourceVersion "1"]
[SourceVersionDate "2004.11.03"]
[SourceQuality "1"]
[WhiteTeam "Danmark"]
[BlackTeam "Polen"]
[WhiteTeamCountry "DEN"]
[BlackTeamCountry "POL"]

1. Nf3 g6 2. g3 Bg7 3. Bg2 e5 4. d3 d5 5. O-O Ne7 6. c4 c6 7. e3 O-O 8. Qe2 h6
9. Rd1 Be6 10. Nc3 Nd7 11. cxd5 cxd5 12. d4 e4 13. Nd2 Rc8 14. f3 f5 15. Nb3
Nc6 16. Bd2 Re8 17. f4 Bf8 18. Na4 Nb6 19. Nac5 Rc7 20. Rac1 Bc8 21. Na5 Nxa5
22. Bxa5 Qd6 23. Bf1 Rg7 24. Qb5 Nd7 25. Bb4 a6 26. Qa4 Qf6 27. Qb3 Nxc5 28.
dxc5 Qf7 29. Rxd5 Be6 30. Bc4 b5 31. cxb6 Bxb4 32. Rd8 Kh7 33. Rxe8 Qxe8 34.
Qxb4 Qc8 35. Qc3 g5 36. Bxe6 Qxe6 37. Qe5 Qxb6 38. Qxf5+ Rg6 39. Qxe4 gxf4 40.
Qxf4 Qxb2 41. Rc7+ Rg7 42. Qf5+ Kh8 43. Qf8+ 1-0

[Event "Calvia ol (Women)"]
[Site "Mallorca"]
[Date "2004.10.15"]
[Round "1.2"]
[White "Dworakowska, Joanna"]
[Black "Vovk, Oksana"]
[Result "1-0"]
[WhiteElo "2393"]
[BlackElo "2153"]
[PlyCount "107"]
[EventDate "2004.10.15"]
[EventType "team-swiss"]
[EventRounds "14"]
[EventCountry "ESP"]
[SourceTitle "CBM 102 Extra"]
[Source "ChessBase"]
[SourceDate "2004.11.03"]
[SourceVersion "1"]
[SourceVersionDate "2004.11.03"]
[SourceQuality "1"]
[WhiteTeam "Polen"]
[BlackTeam "Danmark"]
[WhiteTeamCountry "POL"]
[BlackTeamCountry "DEN"]

1. e4 e6 2. d4 d5 3. e5 c5 4. c3 Nc6 5. Nf3 Qb6 6. a3 Bd7 7. b4 cxd4 8. cxd4
Rc8 9. Bb2 Na5 10. Nbd2 Nc4 11. Nxc4 dxc4 12. Rc1 a5 13. Nd2 axb4 14. Nxc4 Qd8
15. a4 Bc6 16. a5 Be7 17. Nb6 Rc7 18. Qb3 Nh6 19. Bd3 O-O 20. O-O Re8 21. Rc2
Bf8 22. Bc1 Qxd4 23. Rc4 Bd5 24. Rxd4 Bxb3 25. Bxh6 gxh6 26. Nd7 Ra8 27. h4 Be7
28. Nf6+ Kh8 29. Rb1 Ba2 30. Rd1 Rxa5 31. Bc4 Rxe5 32. Rd8+ Bxd8 33. Rxd8+ Kg7
34. Ne8+ Kg6 35. Bd3+ f5 36. Nxc7 b3 37. Ra8 b6 38. Ra6 Re1+ 39. Kh2 Rd1 40.
Nxe6 b5 41. Nf4+ Kf7 42. Ra5 b4 43. Rxf5+ Ke8 44. Ra5 Ra1 45. Re5+ Kd7 46. Re2
Bb1 47. Rb2 Bc2 48. Bxc2 bxc2 49. Rxc2 Rb1 50. Kg3 b3 51. Rc3 b2 52. Rb3 Kc6
53. Kf3 Kc5 54. Rxb2 1-0

[Event "Calvia ol (Women)"]
[Site "Mallorca"]
[Date "2004.10.15"]
[Round "1.3"]
[White "Steffensen, Elena"]
[Black "Michna, Marta"]
[Result "0-1"]
[WhiteElo "2080"]
[BlackElo "2395"]
[PlyCount "78"]
[EventDate "2004.10.15"]
[EventType "team-swiss"]
[EventRounds "14"]
[EventCountry "ESP"]
[SourceTitle "CBM 102 Extra"]
[Source "ChessBase"]
[SourceDate "2004.11.03"]
[SourceVersion "1"]
[SourceVersionDate "2004.11.03"]
[SourceQuality "1"]
[WhiteTeam "Danmark"]
[BlackTeam "Polen"]
[WhiteTeamCountry "DEN"]
[BlackTeamCountry "POL"]

1. e4 g6 2. d4 Bg7 3. Nc3 d6 4. Be3 e6 5. Qd2 h6 6. f4 Ne7 7. Nf3 a6 8. Be2 Nd7
9. e5 b5 10. g4 Bb7 11. Rg1 Nb6 12. Bf2 Qd7 13. O-O-O b4 14. Nb1 Ned5 15. f5
exf5 16. e6 fxe6 17. gxf5 gxf5 18. Bh4 Bf6 19. Bxf6 Nxf6 20. Qxb4 O-O-O 21. Nc3
Rhg8 22. Qa5 Kb8 23. Nd2 Qc8 24. Nc4 Nfd5 25. Nxd5 Nxd5 26. Rge1 Rg2 27. Bf3
Rf2 28. Rd3 Nf4 29. Bxb7 Nxd3+ 30. cxd3 Qxb7 31. Rxe6 Rxh2 32. Qc3 Rg8 33. Re1
Rh1 34. Na5 Rxe1+ 35. Qxe1 Qd5 36. Qc3 Rg1+ 37. Kc2 Rg2+ 38. Kb1 Rh2 39. Nc6+
Ka8 0-1

[Event "Calvia ol (Women)"]
[Site "Mallorca"]
[Date "2004.10.17"]
[Round "3.2"]
[White "Tilenbaeva, Janyl"]
[Black "Steffensen, Elena"]
[Result "1/2-1/2"]
[WhiteElo "2080"]
[BlackElo "2080"]
[PlyCount "79"]
[EventDate "2004.10.15"]
[EventType "team-swiss"]
[EventRounds "14"]
[EventCountry "ESP"]
[SourceTitle "CBM 102 Extra"]
[Source "ChessBase"]
[SourceDate "2004.11.03"]
[SourceVersion "1"]
[SourceVersionDate "2004.11.03"]
[SourceQuality "1"]
[WhiteTeam "Kirgisistan"]
[BlackTeam "Danmark"]
[WhiteTeamCountry "KGZ"]
[BlackTeamCountry "DEN"]

1. e4 g6 2. d4 Bg7 3. c3 d6 4. Bd3 Nf6 5. Ne2 O-O 6. O-O e5 7. dxe5 dxe5 8. b3
Re8 9. Qc2 c6 10. a4 Nbd7 11. Ng3 Nc5 12. Bc4 Be6 13. Na3 Qc7 14. Be3 Bxc4 15.
Nxc4 Ne6 16. f3 Nf4 17. Rfd1 Bf8 18. Qf2 b6 19. Rd2 Rad8 20. Rad1 Rxd2 21. Qxd2
Ne6 22. b4 c5 23. b5 Rd8 24. Qc1 Re8 25. Nf1 Nf4 26. Bxf4 exf4 27. Qd2 Be7 28.
e5 Rd8 29. exf6 Rxd2 30. fxe7 Rxg2+ 31. Kxg2 Qxe7 32. Kf2 h5 33. a5 Qe6 34.
axb6 axb6 35. Nd6 g5 36. c4 f5 37. Rd5 Qf6 38. Nxf5 Qc3 39. Nd2 g4 40. fxg4
1/2-1/2

[Event "Calvia ol (Women)"]
[Site "Mallorca"]
[Date "2004.10.18"]
[Round "4.1"]
[White "Lomibao, Joy Sherrie"]
[Black "Hansen, Evgenia Peicheva"]
[Result "1/2-1/2"]
[WhiteElo "2089"]
[BlackElo "2165"]
[PlyCount "110"]
[EventDate "2004.10.15"]
[EventType "team-swiss"]
[EventRounds "14"]
[EventCountry "ESP"]
[SourceTitle "CBM 102 Extra"]
[Source "ChessBase"]
[SourceDate "2004.11.03"]
[SourceVersion "1"]
[SourceVersionDate "2004.11.03"]
[SourceQuality "1"]
[WhiteTeam "Philiphinerne"]
[BlackTeam "Danmark"]
[WhiteTeamCountry "PHI"]
[BlackTeamCountry "DEN"]

1. e4 d6 2. d4 Nf6 3. Nc3 e5 4. dxe5 dxe5 5. Qxd8+ Kxd8 6. Bg5 Be6 7. O-O-O+
Nbd7 8. f4 exf4 9. Bxf6+ gxf6 10. Nf3 c6 11. Kb1 Kc7 12. Nd4 Ne5 13. Be2 Rg8
14. g3 fxg3 15. hxg3 Rxg3 16. Rxh7 Rg7 17. Rdh1 Rd8 18. Rxg7 Bxg7 19. Nf5 Bf8
20. a3 b5 21. Kc1 a5 22. Nd1 Bxf5 23. exf5 Rd4 24. Rh8 Bc5 25. Rh6 Re4 26. Kd2
b4 27. axb4 axb4 28. Rh3 Rd4+ 29. Ke1 Rf4 30. Rh5 Kd6 31. Kd2 Rd4+ 32. Ke1 Nc4
33. Rh7 Ke7 34. b3 Ne5 35. Nf2 Bd6 36. Nd3 Ng4 37. Rg7 Ne3 38. Bh5 Nxf5 39.
Rxf7+ Ke6 40. Rh7 Bg3+ 41. Kd2 Nd6 42. Bf3 c5 43. Ke2 c4 44. Nxb4 cxb3 45. Nc6
Nf5 46. cxb3 Rd6 47. Kf1 Rd3 48. Kg2 Rxb3 49. Bg4 Rb2+ 50. Kf1 Kd6 51. Bxf5
Kxc6 52. Be4+ Kd6 53. Rh5 Be5 54. Rf5 Kc5 55. Rf2 Rxf2+ 1/2-1/2

[Event "Calvia ol (Women)"]
[Site "Mallorca"]
[Date "2004.10.18"]
[Round "4.2"]
[White "Vovk, Oksana"]
[Black "Mendoza, Beverly"]
[Result "1/2-1/2"]
[WhiteElo "2153"]
[BlackElo "2131"]
[PlyCount "107"]
[EventDate "2004.10.15"]
[EventType "team-swiss"]
[EventRounds "14"]
[EventCountry "ESP"]
[SourceTitle "CBM 102 Extra"]
[Source "ChessBase"]
[SourceDate "2004.11.03"]
[SourceVersion "1"]
[SourceVersionDate "2004.11.03"]
[SourceQuality "1"]
[WhiteTeam "Danmark"]
[BlackTeam "Philiphinerne"]
[WhiteTeamCountry "DEN"]
[BlackTeamCountry "PHI"]

1. d4 Nf6 2. Nf3 d5 3. c4 e6 4. Bg5 Nbd7 5. cxd5 exd5 6. Nc3 Be7 7. e3 O-O 8.
Bd3 c6 9. Qc2 Re8 10. O-O Nf8 11. h3 g6 12. Rab1 Ne6 13. Bh6 Ng7 14. b4 a6 15.
a4 Bf5 16. Bxf5 Nxf5 17. Bf4 Bd6 18. Ne5 Nd7 19. Nd3 Bxf4 20. Nxf4 Nd6 21. b5
Nc4 22. bxc6 bxc6 23. Qa2 Qa5 24. Rfc1 Rab8 25. Nd3 Nf6 26. Nc5 Kg7 27. Nb3 Qc7
28. Nd2 Rxb1 29. Rxb1 Nxd2 30. Qxd2 c5 31. dxc5 Qxc5 32. Ne2 Rc8 33. Rc1 Qf8
34. Rxc8 Qxc8 35. Qc3 Qc4 36. Qxc4 dxc4 37. Nc3 Kf8 38. f4 Ke7 39. e4 Nh5 40.
Nd5+ Kd6 41. Kf2 f5 42. Ke3 Ng3 43. Nc3 Nxe4 44. Nxe4+ fxe4 45. Kxe4 Kc5 46. g4
Kb4 47. f5 gxf5+ 48. gxf5 c3 49. f6 c2 50. f7 c1=Q 51. f8=Q+ Kxa4 52. Qe8+ Kb3
53. Qb8+ Ka4 54. Qe8+ 1/2-1/2

[Event "Calvia ol (Women)"]
[Site "Mallorca"]
[Date "2004.10.19"]
[Round "5.1"]
[White "Hansen, Evgenia Peicheva"]
[Black "Boric, Elena"]
[Result "0-1"]
[WhiteElo "2165"]
[BlackElo "2252"]
[PlyCount "104"]
[EventDate "2004.10.15"]
[EventType "team-swiss"]
[EventRounds "14"]
[EventCountry "ESP"]
[SourceTitle "CBM 102 Extra"]
[Source "ChessBase"]
[SourceDate "2004.11.03"]
[SourceVersion "1"]
[SourceVersionDate "2004.11.03"]
[SourceQuality "1"]
[WhiteTeam "Danmark"]
[BlackTeam "Bosnien"]
[WhiteTeamCountry "DEN"]
[BlackTeamCountry "BIH"]

1. c4 f5 2. Nc3 Nf6 3. g3 g6 4. Bg2 Bg7 5. d3 d6 6. e3 e5 7. Nge2 c6 8. O-O O-O
9. Qb3 Kh8 10. Bd2 Na6 11. Rad1 Nc5 12. Qc2 Ne6 13. b4 Nh5 14. f4 g5 15. b5 Bd7
16. a4 gxf4 17. exf4 Qe8 18. Rde1 Qg6 19. Kh1 Rg8 20. Bf3 Rae8 21. Nd1 exf4 22.
gxf4 Nd4 23. Nxd4 Rxe1 24. Bxe1 Bxd4 25. Bf2 Bxf2 26. Qxf2 Rg7 27. Qxa7 Ng3+
28. hxg3 Qxg3 29. Qb8+ Rg8 30. Qxg8+ Qxg8 31. Rg1 Qf8 32. Rg5 Qh6+ 33. Kg2 Qh4
34. Nf2 Qxf4 35. Rg3 Qd2 36. Bh5 f4 37. Rf3 d5 38. cxd5 cxd5 39. Bf7 Bg4 40.
Bxd5 Bxf3+ 41. Bxf3 b6 42. Be4 Kg7 43. Kf1 Qe3 44. Nd1 Qd2 45. Nf2 h5 46. Nh3
Kf6 47. Ng1 Qd1+ 48. Kf2 Qxa4 49. Bc6 Qd4+ 50. Kg2 Qxd3 51. Nf3 Qd2+ 52. Kh3
Qf2 0-1

[Event "Calvia ol (Women)"]
[Site "Mallorca"]
[Date "2004.10.20"]
[Round "6.1"]
[White "Hansen, Evgenia Peicheva"]
[Black "Lematschko, Tatjana"]
[Result "1/2-1/2"]
[WhiteElo "2165"]
[BlackElo "2267"]
[PlyCount "107"]
[EventDate "2004.10.15"]
[EventType "team-swiss"]
[EventRounds "14"]
[EventCountry "ESP"]
[SourceTitle "CBM 102 Extra"]
[Source "ChessBase"]
[SourceDate "2004.11.03"]
[SourceVersion "1"]
[SourceVersionDate "2004.11.03"]
[SourceQuality "1"]
[WhiteTeam "Danmark"]
[BlackTeam "Schweiz"]
[WhiteTeamCountry "DEN"]
[BlackTeamCountry "SUI"]

1. Nf3 g6 2. g3 Bg7 3. d4 d6 4. b3 c5 5. Bb2 Nc6 6. Bg2 Bg4 7. c3 e5 8. dxe5
dxe5 9. Qxd8+ Rxd8 10. h3 Bf5 11. g4 Be4 12. Nbd2 Bd5 13. c4 Bxf3 14. Bxf3 Nge7
15. Ne4 b6 16. e3 O-O 17. g5 f5 18. gxf6 Bxf6 19. Ke2 Bg7 20. Rad1 Rxd1 21.
Rxd1 Rd8 22. Rxd8+ Nxd8 23. Bc3 Nf7 24. a3 a5 25. b4 axb4 26. axb4 cxb4 27.
Bxb4 Nf5 28. Nc3 Bf6 29. Na4 Bd8 30. Bd5 Kg7 31. Bc3 N5h6 32. f4 Kf6 33. fxe5+
Nxe5 34. Bd4 Nf5 35. Bxb6 Bxb6 36. Nxb6 Kg5 37. c5 Kh4 38. Nc4 Ng3+ 39. Kd1
Nxc4 40. Bxc4 Nf5 41. Ke2 Ne7 42. Be6 Kg5 43. Bd7 Kf6 44. e4 Ke5 45. Ke3 g5 46.
Be8 Ng8 47. Ba4 Nf6 48. c6 Nxe4 49. c7 Nd6 50. Bd7 h5 51. Be8 Ke6 52. Kf3 g4+
53. hxg4 hxg4+ 54. Kxg4 1/2-1/2

[Event "Calvia ol (Women)"]
[Site "Mallorca"]
[Date "2004.10.20"]
[Round "6.2"]
[White "Hund, Barbara"]
[Black "Vovk, Oksana"]
[Result "1/2-1/2"]
[WhiteElo "2240"]
[BlackElo "2153"]
[PlyCount "71"]
[EventDate "2004.10.15"]
[EventType "team-swiss"]
[EventRounds "14"]
[EventCountry "ESP"]
[SourceTitle "CBM 102 Extra"]
[Source "ChessBase"]
[SourceDate "2004.11.03"]
[SourceVersion "1"]
[SourceVersionDate "2004.11.03"]
[SourceQuality "1"]
[WhiteTeam "Schweiz"]
[BlackTeam "Danmark"]
[WhiteTeamCountry "SUI"]
[BlackTeamCountry "DEN"]

1. e4 e6 2. d4 d5 3. Nc3 Nf6 4. Bg5 Bb4 5. exd5 Qxd5 6. Bxf6 gxf6 7. Nf3 Nd7 8.
Qd2 Qa5 9. Bc4 Bxc3 10. Qxc3 Qxc3+ 11. bxc3 Ke7 12. O-O-O Nb6 13. Bd3 Na4 14.
Kd2 Nb2 15. Rde1 Nxd3 16. cxd3 Rg8 17. Nh4 Kd6 18. f4 b6 19. f5 Bb7 20. fxe6
fxe6 21. Rhf1 Raf8 22. Rf2 Rg5 23. Rfe2 e5 24. g3 exd4 25. Re6+ Kc5 26. cxd4+
Kxd4 27. Re7 Ra5 28. Rd7+ Bd5 29. Nf5+ Kc5 30. Rc1+ Kb4 31. a3+ Kxa3 32. Rdxc7
Be6 33. R1c3+ Kb2 34. Rc2+ Kb1 35. Rc1+ Kb2 36. R1c2+ 1/2-1/2

[Event "Calvia ol (Women)"]
[Site "Mallorca"]
[Date "2004.10.20"]
[Round "6.3"]
[White "Steffensen, Elena"]
[Black "Heinatz, Gundula"]
[Result "1/2-1/2"]
[WhiteElo "2080"]
[BlackElo "2244"]
[PlyCount "62"]
[EventDate "2004.10.15"]
[EventType "team-swiss"]
[EventRounds "14"]
[EventCountry "ESP"]
[SourceTitle "CBM 102 Extra"]
[Source "ChessBase"]
[SourceDate "2004.11.03"]
[SourceVersion "1"]
[SourceVersionDate "2004.11.03"]
[SourceQuality "1"]
[WhiteTeam "Danmark"]
[BlackTeam "Schweiz"]
[WhiteTeamCountry "DEN"]
[BlackTeamCountry "SUI"]

1. e4 c5 2. Nc3 Nc6 3. f4 e6 4. Nf3 d5 5. Bb5 Nf6 6. e5 Nd7 7. Bxc6 bxc6 8. O-O
Be7 9. d3 O-O 10. Qe1 Ba6 11. Qg3 Rb8 12. f5 exf5 13. Bh6 g6 14. Bxf8 Nxf8 15.
Nd1 Ne6 16. Rb1 c4 17. d4 c3 18. Re1 cxb2 19. Rxb2 Rxb2 20. Nxb2 Qb6 21. Nd3
Bc4 22. Kh1 Bxa2 23. Nf4 Nxd4 24. Nxd4 Qxd4 25. e6 Qd2 26. Nh5 f4 27. Nxf4 d4
28. exf7+ Kxf7 29. Nd3 Bd5 30. Rf1+ Kg7 31. Qe5+ Kh6 1/2-1/2

[Event "Calvia ol (Women)"]
[Site "Mallorca"]
[Date "2004.10.22"]
[Round "7.1"]
[White "Bakalarz, Grazyna"]
[Black "Hansen, Evgenia Peicheva"]
[Result "1/2-1/2"]
[WhiteElo "2035"]
[BlackElo "2165"]
[PlyCount "87"]
[EventDate "2004.10.15"]
[EventType "team-swiss"]
[EventRounds "14"]
[EventCountry "ESP"]
[SourceTitle "CBM 102 Extra"]
[Source "ChessBase"]
[SourceDate "2004.11.03"]
[SourceVersion "1"]
[SourceVersionDate "2004.11.03"]
[SourceQuality "1"]
[WhiteTeam "Luxembourg"]
[BlackTeam "Danmark"]
[WhiteTeamCountry "LUX"]
[BlackTeamCountry "DEN"]

1. d4 c5 2. d5 e6 3. Nc3 d6 4. e4 a6 5. a4 exd5 6. exd5 Ne7 7. Bd3 Ng6 8. Nf3
Be7 9. O-O Bg4 10. h3 Bxf3 11. Qxf3 Nd7 12. Qd1 O-O 13. a5 Qc7 14. Re1 Bf6 15.
Ne4 Be5 16. c3 c4 17. Bf1 Rfc8 18. Be3 b5 19. g3 f5 20. Ng5 Ndf8 21. Bb6 Qd7
22. f4 Bf6 23. Ne6 Rab8 24. Bg2 Kh8 25. Bd4 Qf7 26. Bxf6 Qxf6 27. Qd4 Qf7 28.
Re2 h6 29. Rae1 Rb7 30. Qd2 Nd7 31. Bf3 Ngf8 32. Qc2 Nc5 33. Nxc5 Rxc5 34. Re8
Kh7 35. g4 Ng6 36. gxf5 Nxf4 37. f6+ Nd3 38. Be4+ g6 39. Bxd3 cxd3 40. Qxd3
Qxf6 41. Qe3 Rf7 42. Re7 Rc7 43. Rxc7 Rxc7 44. Rf1 1/2-1/2

[Event "Calvia ol (Women)"]
[Site "Mallorca"]
[Date "2004.10.23"]
[Round "8.1"]
[White "Vovk, Oksana"]
[Black "Petrenko, Svetlana"]
[Result "0-1"]
[WhiteElo "2153"]
[BlackElo "2323"]
[PlyCount "176"]
[EventDate "2004.10.15"]
[EventType "team-swiss"]
[EventRounds "14"]
[EventCountry "ESP"]
[SourceTitle "CBM 102 Extra"]
[Source "ChessBase"]
[SourceDate "2004.11.03"]
[SourceVersion "1"]
[SourceVersionDate "2004.11.03"]
[SourceQuality "1"]
[WhiteTeam "Danmark"]
[BlackTeam "Moldavien"]
[WhiteTeamCountry "DEN"]
[BlackTeamCountry "MDA"]

1. c4 Nf6 2. Nc3 d5 3. d4 g6 4. Nf3 Bg7 5. e3 O-O 6. cxd5 Nxd5 7. Bc4 Nxc3 8.
bxc3 c5 9. O-O Nd7 10. Qe2 Nb6 11. Bb3 Qc7 12. Ba3 c4 13. Bc2 Nd5 14. Qd2 Qa5
15. Bc5 Rd8 16. a4 e5 17. Bb4 Nxb4 18. cxb4 Qc7 19. h3 c3 20. Qe2 Be6 21. Rfd1
exd4 22. Nxd4 Bxd4 23. exd4 Rac8 24. Qe5 Qxe5 25. dxe5 Rd2 26. Rac1 Rc4 27. b5
b6 28. Re1 Rc5 29. Re3 Kg7 30. Kf1 g5 31. Ke1 Rdd5 32. Bd1 Rxe5 33. Rcxc3 Kf6
34. Kd2 Red5+ 35. Ke2 Re5 36. Kd2 Red5+ 37. Red3 Bf5 38. Rxd5 Rxd5+ 39. Ke2 Rd7
40. Bb3 Be4 41. f3 Bf5 42. Ke3 h6 43. Bc2 Be6 44. Bb3 Bf5 45. Bc2 Be6 46. Bb3
Bxb3 47. Rxb3 Rd1 48. Rc3 Ra1 49. Rc4 Ke5 50. h4 f5 51. hxg5 hxg5 52. g4 f4+
53. Ke2 Ra2+ 54. Ke1 Kd5 55. Re4 Ra3 56. Kf2 Ra2+ 57. Ke1 Kc5 58. Re5+ Kd4 59.
Re4+ Kd3 60. Kf1 Kc3 61. Re5 Rxa4 62. Rxg5 Kd4 63. Rf5 Ke3 64. Kg2 Ra2+ 65. Kh3
Kxf3 66. Kh4 Rg2 67. Rf7 Rxg4+ 68. Kh5 Rg1 69. Rxa7 Re1 70. Ra3+ Re3 71. Ra6
Re5+ 72. Kh4 Rxb5 73. Ra3+ Ke4 74. Ra4+ Kf5 75. Ra3 Rb1 76. Kh3 b5 77. Kg2 Ke4
78. Kf2 Rb2+ 79. Kf1 b4 80. Rh3 b3 81. Rc3 f3 82. Rc4+ Kd3 83. Rc8 Rc2 84. Rd8+
Kc3 85. Rc8+ Kd4 86. Rd8+ Ke5 87. Re8+ Kd6 88. Re3 b2 0-1

[Event "Calvia ol (Women)"]
[Site "Mallorca"]
[Date "2004.10.23"]
[Round "8.2"]
[White "Partac, Elena"]
[Black "Steffensen, Elena"]
[Result "1/2-1/2"]
[WhiteElo "2259"]
[BlackElo "2080"]
[PlyCount "56"]
[EventDate "2004.10.15"]
[EventType "team-swiss"]
[EventRounds "14"]
[EventCountry "ESP"]
[SourceTitle "CBM 102 Extra"]
[Source "ChessBase"]
[SourceDate "2004.11.03"]
[SourceVersion "1"]
[SourceVersionDate "2004.11.03"]
[SourceQuality "1"]
[WhiteTeam "Moldavien"]
[BlackTeam "Danmark"]
[WhiteTeamCountry "MDA"]
[BlackTeamCountry "DEN"]

1. e4 g6 2. d4 Bg7 3. Nc3 c6 4. Nf3 d5 5. h3 dxe4 6. Nxe4 Nd7 7. Bd3 Ngf6 8.
O-O Nxe4 9. Bxe4 Nf6 10. Bd3 Bf5 11. Re1 Bxd3 12. Qxd3 O-O 13. Bf4 Re8 14. Re2
Qb6 15. c4 Rad8 16. Qa3 e6 17. Rae1 a6 18. Be5 Nd7 19. Bxg7 Kxg7 20. Qc3 Nf6
21. Re5 Nd7 22. R5e4 Nf6 23. Rf4 Qc7 24. Ne5 Rf8 25. d5 cxd5 26. Rxf6 Kxf6 27.
Nd7+ Ke7 28. Nxf8 Kxf8 1/2-1/2

[Event "Calvia ol (Women)"]
[Site "Mallorca"]
[Date "2004.10.23"]
[Round "8.3"]
[White "Olsen, Miriam Frida"]
[Black "Smokina, Karolina"]
[Result "0-1"]
[WhiteElo "1998"]
[BlackElo "2267"]
[PlyCount "118"]
[EventDate "2004.10.15"]
[EventType "team-swiss"]
[EventRounds "14"]
[EventCountry "ESP"]
[SourceTitle "CBM 102 Extra"]
[Source "ChessBase"]
[SourceDate "2004.11.03"]
[SourceVersion "1"]
[SourceVersionDate "2004.11.03"]
[SourceQuality "1"]
[WhiteTeam "Danmark"]
[BlackTeam "Moldavien"]
[WhiteTeamCountry "DEN"]
[BlackTeamCountry "MDA"]

1. e4 c5 2. Nf3 Nc6 3. d4 cxd4 4. Nxd4 e5 5. Nb5 d6 6. c4 Be7 7. N1c3 a6 8. Na3
f5 9. exf5 Bxf5 10. Bd3 Be6 11. Nc2 Nf6 12. O-O O-O 13. Ne3 Nd4 14. b3 Qd7 15.
Bb2 b5 16. Ncd5 Bd8 17. Nxf6+ Bxf6 18. Be4 Rab8 19. Nd5 bxc4 20. Bxd4 exd4 21.
Nxf6+ Rxf6 22. Qxd4 d5 23. Bf3 Qf7 24. Rfe1 Kh8 25. Qe5 Rf8 26. Bh5 Qa7 27. Qe3
d4 28. Qg3 c3 29. Rac1 d3 30. Qxd3 Qxf2+ 31. Kh1 c2 32. Rg1 Bf5 33. Qd5 Qe3 34.
Bf3 Rh6 35. Rge1 Qf4 36. Qe5 Rxh2+ 37. Kg1 Qxe5 38. Rxe5 Rh4 39. Bb7 Rd4 40.
Bxa6 Rd1+ 41. Re1 Rxc1 42. Rxc1 Ra8 43. Bc4 Rxa2 44. Kf2 Rb2 45. Ke3 Rb1 46.
Kd2 h5 47. Rxc2 Bxc2 48. Kxc2 Re1 49. b4 g5 50. b5 Kg7 51. Kc3 Kf6 52. Kd4 Rd1+
53. Kc5 Ke5 54. b6 g4 55. b7 Rd8 56. Kc6 h4 57. Kc7 Rh8 58. b8=Q Rxb8 59. Kxb8
g3 0-1

[Event "Calvia ol (Women)"]
[Site "Mallorca"]
[Date "2004.10.24"]
[Round "9.1"]
[White "Zapata, Karen"]
[Black "Hansen, Evgenia Peicheva"]
[Result "0-1"]
[WhiteElo "2162"]
[BlackElo "2165"]
[PlyCount "34"]
[EventDate "2004.10.15"]
[EventType "team-swiss"]
[EventRounds "14"]
[EventCountry "ESP"]
[SourceTitle "CBM 102 Extra"]
[Source "ChessBase"]
[SourceDate "2004.11.03"]
[SourceVersion "1"]
[SourceVersionDate "2004.11.03"]
[SourceQuality "1"]
[WhiteTeam "Peru"]
[BlackTeam "Danmark"]
[WhiteTeamCountry "PER"]
[BlackTeamCountry "DEN"]

1. d4 c5 2. d5 e6 3. c4 exd5 4. cxd5 d6 5. Nc3 Ne7 6. e4 Ng6 7. f4 Be7 8. Nf3
O-O 9. Bd3 Bg4 10. O-O a6 11. a4 Nd7 12. Qc2 Bxf3 13. Rxf3 Bf6 14. Bd2 Rc8 15.
b3 Bd4+ 16. Kh1 Nf6 17. Ne2 Bxa1 0-1

[Event "Calvia ol (Women)"]
[Site "Mallorca"]
[Date "2004.10.24"]
[Round "9.2"]
[White "Vovk, Oksana"]
[Black "Calle Soto, Miryam"]
[Result "0-1"]
[WhiteElo "2153"]
[BlackElo "2111"]
[PlyCount "114"]
[EventDate "2004.10.15"]
[EventType "team-swiss"]
[EventRounds "14"]
[EventCountry "ESP"]
[SourceTitle "CBM 102 Extra"]
[Source "ChessBase"]
[SourceDate "2004.11.03"]
[SourceVersion "1"]
[SourceVersionDate "2004.11.03"]
[SourceQuality "1"]
[WhiteTeam "Danmark"]
[BlackTeam "Peru"]
[WhiteTeamCountry "DEN"]
[BlackTeamCountry "PER"]

1. c4 Nf6 2. Nc3 g6 3. g3 Bg7 4. Bg2 O-O 5. e3 c6 6. Nge2 d5 7. cxd5 cxd5 8.
O-O Nc6 9. d4 e6 10. b3 Re8 11. Bb2 b6 12. Rc1 Bb7 13. Nf4 Rc8 14. Nd3 Ba6 15.
Re1 Qd6 16. Na4 Ne4 17. f3 Nf6 18. Qd2 Rc7 19. Ne5 Rec8 20. Rxc6 Rxc6 21. Nxc6
Rxc6 22. Rc1 Ne8 23. Ba3 Qc7 24. Rxc6 Qxc6 25. Bf1 Bxf1 26. Kxf1 Nc7 27. Qc3
Qxc3 28. Nxc3 Bf8 29. Bxf8 Kxf8 30. Ke2 Ke7 31. Kd3 Kd6 32. Kd2 f6 33. Kd3 h6
34. h3 e5 35. dxe5+ fxe5 36. h4 a6 37. Na4 Kc6 38. f4 b5 39. Nc3 e4+ 40. Kd2 h5
41. Ne2 b4 42. Nd4+ Kc5 43. f5 gxf5 44. Nxf5 Ne6 45. Ne7 Kd6 46. Ng6 Ng7 47.
Nf4 Ke5 48. Ke2 d4 49. exd4+ Kxd4 50. Kd2 e3+ 51. Ke2 Ke4 52. Nh3 Nf5 53. Ng5+
Kd4 54. Kf3 Kd3 55. Kf4 Nd4 56. Nf7 e2 57. Ne5+ Kc2 0-1

[Event "Calvia ol (Women)"]
[Site "Mallorca"]
[Date "2004.10.24"]
[Round "9.3"]
[White "Aliaga Fernandez, Ingrid Yadira"]
[Black "Steffensen, Elena"]
[Result "1-0"]
[WhiteElo "2141"]
[BlackElo "2080"]
[PlyCount "75"]
[EventDate "2004.10.15"]
[EventType "team-swiss"]
[EventRounds "14"]
[EventCountry "ESP"]
[SourceTitle "CBM 102 Extra"]
[Source "ChessBase"]
[SourceDate "2004.11.03"]
[SourceVersion "1"]
[SourceVersionDate "2004.11.03"]
[SourceQuality "1"]
[WhiteTeam "Peru"]
[BlackTeam "Danmark"]
[WhiteTeamCountry "PER"]
[BlackTeamCountry "DEN"]

1. d4 g6 2. Nf3 Bg7 3. e3 Nf6 4. c4 d6 5. Nc3 c6 6. Be2 O-O 7. O-O Nbd7 8. b4
e5 9. Qb3 e4 10. Nd2 Re8 11. a4 Nf8 12. a5 Bf5 13. b5 a6 14. bxa6 bxa6 15. Rd1
Qd7 16. Na4 Rab8 17. Nb6 Qa7 18. Qa4 N8d7 19. Qxc6 Nxb6 20. axb6 Rxb6 21. Qa4
Rc8 22. Ba3 Bd7 23. Qa5 Qb7 24. c5 Rbc6 25. cxd6 Bg4 26. Bxg4 Nxg4 27. h3 Nf6
28. Rac1 Qd7 29. Bc5 Bf8 30. Nc4 Qf5 31. Ne5 Rxd6 32. Bxd6 Bxd6 33. Qxa6 Rxc1
34. Rxc1 Bxe5 35. Qc8+ Kg7 36. Qxf5 gxf5 37. dxe5 Nd7 38. e6 1-0